| 000 | 02412nam a22003257a 4500 | ||
|---|---|---|---|
| 005 | 20111226100216.0 | ||
| 020 |
_a9788189934514 _c350.00 |
||
| 037 | _bPUB | ||
| 082 | _aS | ||
| 100 |
_aWilson, Rosalind _952351 |
||
| 245 |
_aFor the love of a cat / _cby Rosalind Wilson; art by Wen Hsu |
||
| 260 |
_aNew Delhi _bKatha _c2010 |
||
| 270 |
_aA3 Sarvodaya Enclave, Sri Aurobindo Marg, _bNew Delhi _e110017 |
||
| 300 |
_aunpages _bill. _c28cm(Hb) |
||
| 700 |
_a Hsu, Wen _937567 |
||
| 942 |
_2ddc _cCH _mWIL _hS |
||
| 999 |
_c59954 _d59954 |
||